Text book of engineering and general geology : for BE, Civil, Mining and metallurgical engineering. BSc (Pass) and AMIE courses (Record no. 278575)

MARC details
000 -LEADER
fixed length control field 00658nam a2200193Ia 4500
005 - DATE AND TIME OF LATEST TRANSACTION
control field 20241115091437.0
008 - FIXED-LENGTH DATA ELEMENTS--GENERAL INFORMATION
fixed length control field 240126s9999 xx 000 0 und d
020 ## - INTERNATIONAL STANDARD BOOK NUMBER
International Standard Book Number 9789350142677
082 ## - DEWEY DECIMAL CLASSIFICATION NUMBER
Classification number 550 SIN;4
100 ## - MAIN ENTRY--PERSONAL NAME
Personal name Singh, Parbin.
245 #0 - TITLE STATEMENT
Title Text book of engineering and general geology : for BE, Civil, Mining and metallurgical engineering. BSc (Pass) and AMIE courses
250 ## - EDITION STATEMENT
Edition statement 8th ed.
260 ## - PUBLICATION, DISTRIBUTION, ETC. (IMPRINT)
Name of publisher, distributor, etc. S K Kataria
Place of publication, distribution, etc. New Delhi
Date of publication, distribution, etc. 2008
300 ## - PHYSICAL DESCRIPTION
Extent xiv, 591
440 ## - SERIES STATEMENT/ADDED ENTRY--TITLE
Title Katson educational series
650 ## - SUBJECT ADDED ENTRY--TOPICAL TERM
Topical term or geographic name as entry element geology,BE,,Civil,,Mining,metallurgical,engineering.,(Pass),AMIE,courses
856 ## - ELECTRONIC LOCATION AND ACCESS
Uniform Resource Identifier digital/contents/54393.pdf
942 ## - ADDED ENTRY ELEMENTS (KOHA)
Koha item type PESU Books
Holdings
Date last seen Total Checkouts Full call number Accession number Old discount Volume/Issue Number Cost, replacement price Price effective from Category Lost status Damaged status Department Withdrawn status bill no. Permanent Location Current Location Shelving location Entry date Vendor Cost, normal purchase price Grants Currency symbol Conversion rate Discount Discount type
26/01/2024   550 SIN;4 PU5054 15 (30/06/1905) 297.50 26/01/2024 PESU Books         IN207 Central Library Central Library   16/07/2016 Sunrise 350.00 Civil RS 1 52.5 Rupees
26/01/2024   550 SIN;5 PU5055 15 (30/06/1905) 297.50 26/01/2024 PESU Books         IN207 Central Library Central Library   16/07/2016 Sunrise 350.00 Civil RS 1 52.5 Rupees

© For any Suggestions or Query, please contact the library staff @ librarian@pes.edu or Phone: +9180 2672 1983/ 2108.